00591nam a22001572 4500001001100000005001700011008004100028020002600069040001500095245014700110260005500257300001600312650003800328700003400366700003300400000000718220151217152025.0071127s xx 000 0 eng d a023001935 :cKES 2925 aKABUcKABU10aSearching for the human in human resource management :btheory, practice and workplace contexts /ced. by Sharon C. Bolton and Maeve Houlihan. aBasingstoke, England :bPalgrave Macmillan,c2007. axv, 315 p. 0aPersonnel management.@00001507611 aBolton, Sharon C.@00001582731 aHoulihan, Maeve.@0000158274